| 000 | 00617nam a22001577a 4500 | ||
|---|---|---|---|
| 020 | _a9789588534787 | ||
| 080 | _a340.12 B 777 | ||
| 100 | _aBritos, Patricia | ||
| 245 |
_aLa Justicia y el Contrato Social en Jhon Rawls: _bUna forma de como superar sus limitaciones |
||
| 260 |
_aBogota: _bUniversidad Libre, _c2012 |
||
| 300 | _a152 P. | ||
| 490 |
_aTendencias contemporaneas del Derecho _v3 |
||
| 650 |
_xJhon Rawls _xfilosofia del derecho _xteoria de la justicia _xigualdad _xfamilia _xderechos individuales _xcontrato social _xcontractualistas _xRonald Workin _xMartha Nussbaum |
||
| 942 | _6_ | ||
| 945 |
_acd _d2025-03-20 |
||
| 999 |
_c5480 _d235984 |
||